000 00654cam a22002052 4500
001 0000020663
005 20151217155908.0
008 110930s xx 000 0 eng d
020 _a9966769730 :
040 _aKABU
_cKABU
100 1 _aSeroney, Kibny'aanko.
_@0000181149
245 1 0 _aSamburtaab ng'aleekaab Kaleenchin = Kalenjin dictionary /
_cKibny'aanko Seroney.
250 _a1st ed.
260 _aNairobi :
_bMvuleAfrica,
_c2009.
300 _a[12], 595 p.
650 0 _aKalenjin language
_vDictionaries.
_xEnglish.
_@0000181150
852 1 _9p1500 KES
908 _a110930
950 _@1
999 _c13796
_d13796